| 000 | 00000nam##2200000za#4500 |
| 001 | 9.588760 |
| 003 | CaOODSP |
| 005 | 20210624195311 |
| 007 | cr ||||||||||| |
| 008 | 150406|1987||||xxc|||||o f|0| 0 fre|d |
| 040 | |aCaOODSP|bfre |
| 041 | |aeng |
| 041 | |afre |
| 043 | |an-cn--- |
| 086 | 1 |aCS96-104/1987-PDF |
| 245 | 00|aÎle-du-Prince-Édouard |h[ressource électronique] |
| 260 | |aOttawa - Ontario : |bStatistique Canada. |c1987. |
| 490 | 1 |aAgriculture |v96-104 |
| 500 | |aPublication du recensement historique numérisé par Statistique Canada. |
| 590 | |a13-07-Supp|b2013-03-25 |
| 691 | 07|aDonnées du recensement|2gcpds |
| 691 | 07|aStatistiques de l'agriculture|2gcpds |
| 710 | 1 |aCanada. |bStatistique Canada. |bDivision de l'agriculture. |
| 791 | |tPrince Edward Island |eeng|w(CaOODSP)9.588759 |
| 830 | #0|aAgriculture ;|v96-104|w(CaOODSP)9.500694 |
| 856 | 40|ahttp://publications.gc.ca|qPDF|s5.1 Mo|uhttps://publications.gc.ca/collections/collection_2013/statcan/rh-hc/CS96-104-1987.pdf|y96-104 |